Motor trend

Bibliographic Details
Previous Title:Car life
Sports car graphic
Wheels afield
Format: Electronic Journal
Language:English
Published: [Los Angeles], [Petersen Pub. Co., etc.]
Subjects:
Online Access:Full text available from Research Library: 01/01/1988 to 12/31/1995

MARC

LEADER 00000nas a2200000 4500
001 ssj0001220
003 WaSeSS
005 20200512172242.0
006 m d
007 cr n
008 751012c19499999nyumr p s 0 a0eng
010 |a  57041424  
016 7 |a 01337317X  |2 DE-101 
016 7 |a 591755-4  |2 DE-600 
022 |l 0027-2094  |y 0027-2094 
024 8 |a 00588954 
032 |a 517950  |b USPS 
035 |a (WaSeSS)ssj0001220 
037 |b Motor Trend, P.O. Box 3290, Los Angeles, CA 90028 
040 |a DLC  |b eng  |c MUL  |d SUL  |d NSD  |d OCL  |d NSD  |d DLC  |d NSD  |d DLC  |d AIP  |d NST  |d NSD  |d NST  |d OCLCQ  |d CDS  |d UQ1  |d OCLCQ  |d IUL  |d HEBIS  |d GBVCP  |d OCLCQ  |d DLC  |d OCLCF  |d OCLCO  |d T3H  |d OCLCO  |d PX0  |d I8M  |d CD6  |d GRR  |d OCLCO  |d OCLCQ  |d OCLCO  |d OKS  |d AU@  |d OCLCQ  |d TL4  |d NTG  |d U3G  |d JX9  |d OCLCO  |d CPO  |d ZAS  |d ZQP  |d OCLCO  |d WaSeSS 
042 |a nsdp  |a pcc 
050 0 0 |a TL1  |b .M9447 
082 0 4 |a 629.205 
210 0 |a Motor trend 
222 0 |a Motor trend 
245 0 0 |a Motor trend  |h [electronic resource]. 
260 |a [Los Angeles],  |b [Petersen Pub. Co., etc.] 
310 |a Monthly 
362 0 |a v. 1- Sept. 1949- 
500 |a Publisher by: Source Interlink Media Inc. ; New York, NY <Mar. 2008-> 
500 |a "The magazine for a motoring world." 
500 |a Editor: Sept. 1949- W.A. Woron. 
506 |a License restrictions may limit access. 
650 0 |a Automobiles  |v Periodicals. 
650 7 |a Automobiles.  |2 fast  |0 (OCoLC)fst00823232 
650 7 |a Automobile.  |2 rasuqam 
655 0 |a Electronic journals. 
780 0 5 |t Car life  |w (OCoLC)1553330 
780 0 5 |t Sports car graphic  |w (OCoLC)8092317 
780 0 5 |t Wheels afield  |w (OCoLC)8144031 
850 |a C  |a CLSU  |a DLC  |a MnU  |a NcRS  |a OCU 
853 2 0 |8 1  |a v.  |b no.  |u 12  |v r  |i (year)  |j (month)  |w m  |x 01 
856 4 0 |z Full text available from Research Library: 01/01/1988 to 12/31/1995  |u https://search.proquest.com/publication/2013 
863 4 1 |8 1.1  |a <57>  |b <1>  |i <2005>  |j <01>